=LDR 00000nam 2200000 4500 =001 INLIS000000000033151 =005 20130612135124 =008 ***********************************ind** =035 ##$$0010-061300000033151 =041 ##$$a ind =082 ##$$a 346.03 =090 ##$$a 346.03, Sup h =100 ##$$a Suparman, Eman, Dr,Sh,Mh =245 ##$$a Hukum perselisihan, Konflik kompetensi =260 ##$$a 2005 $b Bandung =300 ##$$a xvi,205 hlm, 24 cm =650 ##$$a Hukum Perselidihan =700 ##$$a Gunarsa, Aep =850 ##$$a NBPNMAT